| 000 | 01035nmm a2200301 a 4500 | ||
|---|---|---|---|
| 001 | ocm0002145870 | ||
| 003 | TR-IsHL | ||
| 005 | 20201028184256.0 | ||
| 008 | 181214s2018 tu tur | ||
| 007 | cr cn | ||
| 020 | _a9786059641562 | ||
| 035 |
_a2145870 _b(N$T) |
||
| 050 | 0 | 4 |
_aPT2653.W42 _bM619 2018 |
| 090 | 0 | 4 |
_aPT2653.W42 _bM619 2018 |
| 100 | 1 | _aZweig, Stefan | |
| 245 | 1 | 0 |
_aAy ışığı sokağı _h[electronic resource] / _cStefan Zweig ; çevirmen : Azra Büşra Kumbaroğlu ; editör Gökçe Soysal |
| 250 | _a1. Baskı | ||
| 260 |
_aİstanbul : _bAspendos Yayıncılık, _c2018 |
||
| 300 | _a61 p. | ||
| 500 |
_aOrijinal eser adı: Die Mondscheingasse _x |
||
| 650 | 4 | _aDil ve Edebiyat | |
| 650 | 4 | _aLanguage and Literature | |
| 650 | 0 | _aKısa öyküler, Alman | |
| 650 | 0 | _aShort stories, German | |
| 650 | 7 |
_aLITERARY COLLECTIONS / European / German _2bisacsh |
|
| 700 | 1 | _aSoysal, Gökçe | |
| 856 | 4 | 0 | _uhttp://search.ebscohost.com/login.aspx?direct=true&scope=site&db=e011xww&AN=2145870 |
| 999 |
_c20925 _d20925 |
||